Central Library OPAC University of Rajshahi

Song, dance, storytelling : (Record no. 16390)

MARC details
000 -LEADER
fixed length control field 00985nam a2200289 i 4500
001 - CONTROL NUMBER
control field 16390
003 - CONTROL NUMBER IDENTIFIER
rucl marc code BD-RjUL
005 - DATE AND TIME OF LATEST TRANSACTION
control field 20211209000014.0
008 - FIXED-LENGTH DATA ELEMENTS--GENERAL INFORMATION
fixed length control field 140213r19881978nyu b 000 0 eng
035 ## - SYSTEM CONTROL NUMBER
System control number (BD-RjUL)16445
040 ## - CATALOGING SOURCE
Original cataloging agency DLC
Transcribing agency DLC
Modifying agency DLC
-- BD-RjUL
Language of cataloging eng
041 1# - LANGUAGE CODE
Language code of text/sound track or separate title engjpn
082 00 - DEWEY DECIMAL CLASSIFICATION NUMBER
Classification number 790.20952
Author mark and year HOS 1988
Edition number 23
100 1# - MAIN ENTRY--PERSONAL NAME
Personal name Hoff, Frank.
9 (RLIN) 50665
245 10 - TITLE STATEMENT
Title Song, dance, storytelling :
Remainder of title aspects of the performing arts in Japan /
Statement of responsibility, etc. Frank Hoff.
260 ## - PUBLICATION, DISTRIBUTION, ETC. (IMPRINT)
Place of publication, distribution, etc. Ithaca, N.Y. :
Name of publisher, distributor, etc. China-Japan Program, Cornell University,
Date of publication, distribution, etc. c1978 [ Reprinted 1988].
300 ## - PHYSICAL DESCRIPTION
Pagination vi, 223 p. ;
Size 22 cm.
490 1# - SERIES STATEMENT
Series statement Cornell University East Asia papers ; no. 15
504 ## - BIBLIOGRAPHY, ETC. NOTE
Bibliography, etc Includes bibliographical references.
650 #0 - SUBJECT ADDED ENTRY--TOPICAL TERM
Topical term or geographic name as entry element Performing arts
Geographic subdivision Japan
General subdivision History.
9 (RLIN) 50666
Topical term or geographic name as entry element Kagura.
9 (RLIN) 50667
Topical term or geographic name as entry element Songs, Japanese
Geographic subdivision Japan
General subdivision Texts.
9 (RLIN) 50668
830 #0 - SERIES ADDED ENTRY--UNIFORM TITLE
Volume number/sequential designation no. 15.
Uniform title Cornell University East Asia papers ;
942 ## - ADDED ENTRY ELEMENTS (KOHA)
Source of classification or shelving scheme Dewey Decimal Classification
Koha item type Books
Holdings
Lost status Source of classification or shelving scheme Damaged status Not for loan Collection code Permanent Location Current Location Shelving location Date acquired Source of acquisition Total Checkouts Full call number Date last seen Copy number Koha item type
  Dewey Decimal Classification   Not For Loan Non-fiction Central Library, University of Rajshahi Central Library, University of Rajshahi Reading Room 05/07/1994 Japan Foundation   790.20952 HOS 1988 13/02/2014 C-2 Books